| 000 | 00560nam a2200169Ia 4500 | ||
|---|---|---|---|
| 008 | 090201s9999 xx 000 0 und d | ||
| 010 | _aKPL-26302 | ||
| 040 | _bमराठी | ||
| 041 | _aमराठी | ||
| 082 |
_a53248 _b26302 |
||
| 100 | _aप्रभाकर द. मराठे | ||
| 245 |
_aसाथीला तूच हवा _cप्रभाकर द. मराठे |
||
| 260 |
_c2003 _bप्रमोद प्रकाशन |
||
| 300 |
_a174 _bमोठा |
||
| 600 | _aसाथीला तूच हवा | ||
| 942 | _cBOOK | ||
| 999 |
_c249671 _d249671 |
||